00225 a2200109 4500245003200000100001600032650001500048005001700063260000900080084000900089999001700098 aShakespearean tragedyhText aA.C Bradley aliterature20191021095758.0 c1964 aNONE c12665d12665